| 000 | 00647cam a2200229 4500 | ||
|---|---|---|---|
| 008 | 090401t1993 xxu||||| |||| 00| 0 eng d | ||
| 020 | _a0854066322 | ||
| 035 | _a(Sirsi) u59631 | ||
| 041 | _aeng | ||
| 050 | _a333.0072 | ||
| 090 | _aRICS 1993/93ABCD | ||
| 110 |
_aRoyal Institution of Chartered Surveyors _94900 |
||
| 245 | _aResearch register for the surveying profession 1993. | ||
| 260 |
_aLondon _bRICS _c1993 |
||
| 300 | _a99p. ; 30cm. | ||
| 350 | _a10 | ||
| 650 | _aABOUT RICS-RICS MEMBERS | ||
| 650 | _aRESEARCH REGISTER | ||
| 690 | _aMANAGEMENT-BUSINESS MANAGEMENT-PROFESSIONAL PRACTICE | ||
| 942 | _n0 | ||
| 948 | _c04/03/1997 | ||
| 999 |
_c94170 _d94170 |
||